000 00489nam a2200169Ia 4500
008 190805s9999||||xx |||||||||||||| ||und||
020 _a9781870077668
_c£ 55.00
082 0 4 _a623.89
_bSw54
100 1 _aSwift, A. J.
245 1 0 _aBridge Team Management: a practical guide /
_cSwift, A. J.
250 _a2nd ed.
260 _aLondon :
_bThe Nautical Institute,
_c2016
300 _ax, 118 p.
_b : ill., maps
_c; 30 cm.
650 0 _aNavigation
942 _cBK
999 _c128
_d128